Online
Catalog

Le livre de Galíndez : un ouvrage cynique / (Record no. 8121)

MARC details
000 -CABECERA
campo de control de longitud fija 00490nam a2200157 a 4500
001 - NÚMERO DE CONTROL
campo de control 000008350
003 - IDENTIFICADOR DEL NÚMERO DE CONTROL
campo de control OSt
005 - FECHA Y HORA DE LA ÚLTIMA TRANSACCIÓN
campo de control 20240305082409.0
008 - DATOS DE LONGITUD FIJA--INFORMACIÓN GENERAL
campo de control de longitud fija 090916s1956 000 spa d
040 ## - FUENTE DE LA CATALOGACIÓN
Centro catalogador/agencia de origen DO-SdBNP
Lengua de catalogación spa
Centro/agencia transcriptor BNPHU
100 1# - ENTRADA PRINCIPAL--NOMBRE DE PERSONA
Nombre de persona Osorio Lizarazo, J. A.,
Forma completa/desarrollada del nombre (José Antonio)
Fechas asociadas al nombre 1900-1964
9 (RLIN) 22545
245 #0 - MENCIÓN DE TÍTULO
Título Le livre de Galíndez : un ouvrage cynique /
Mención de responsabilidad, etc. Lizarazo, J. A. Osorio
260 ## - PUBLICACIÓN, DISTRIBUCIÓN, ETC.
Lugar de publicación, distribución, etc. Santiago de Chile,
Fecha de publicación, distribución, etc. 1956.
910 ## - DATOS DE OPCIÓN DEL USUARIO (OCLC)
Datos de opción del usuario Validado. Control de calidad MFF
942 ## - ELEMENTOS DE PUNTO DE ACCESO ADICIONAL (KOHA)
Fuente del sistema de clasificación o colocación Dewey Decimal Classification
Tipo de ítem Koha Libro
Holdings
Estado de retiro Estado de pérdida Restricciones de uso No para préstamo Código de colección Localización permanente Ubicación/localización actual Ubicación en estantería Fecha de adquisición Número de inventario Total de préstamos Signatura topográfica completa Código de barras Fecha visto por última vez Precio válido a partir de Tipo de ítem Koha
      Excluido de préstamo Raros y valiosos Patrimonio Dominicano Patrimonio Dominicano Depósito 16.09.2009 LF1   8350-10 25.06.2020 25.06.2020 No se presta

Powered by Koha